Normal view
MARC view
Entry Personal Name
001 - CONTROL NUMBER
- control field: 8778
003 - CONTROL NUMBER IDENTIFIER
- control field: OSt
005 - DATE AND TIME OF LATEST TRANSACTION
- control field: 20150902164714.0
008 - FIXED-LENGTH DATA ELEMENTS
- fixed length control field: 150902|| aca||aabn | a|a d
040 ## - CATALOGING SOURCE
- Original cataloging agency: OSt
- Transcribing agency: OSt
100 ## - HEADING--PERSONAL NAME
- Personal name: Ray, Mohit K
670 ## - SOURCE DATA FOUND
- Source citation: Work cat.: (OSt)42179: Ray, Mohit K, A Comparative Study of The Indian Poetics and The Western Poetics, 2008









